| 000 | 01083nji a22002657a 4500 | ||
|---|---|---|---|
| 005 | 20100907104817.0 | ||
| 006 | a|||||r|||||00| 0 | ||
| 007 | sd ammalaaahaa | ||
| 008 | 100830t xxu||||| |||| 00| 0 eng d | ||
| 028 |
_aN 77010 _bHis Master's Voice |
||
| 035 | _aGR-00971 | ||
| 040 |
_aSED _cSED |
||
| 100 |
_917455 _aKhan, Amir |
||
| 245 |
_aDhimta dhimta / _cby Amir Khan ; music by Ali Akbar Khan ; lyrics by Pandit Bhusan _h[sound recording] : |
||
| 246 | _aधीमता धीमता / अमीर खान द्वारा | ||
| 260 |
_aDum Dum, India _bHis Master's Voice |
||
| 300 |
_a1 sound disc [Gramophone Recording]: _banalog, 33 1/3 rpm _c9.5 in. (MP) _fGramophone Record |
||
| 500 | _aBrief Record | ||
| 505 | _aSide-2 कैसे कटे रजनी (Kaise kate rajni) (Amir khan) | ||
| 650 |
_aClassical music _zIndia _91186 _xExcerpts |
||
| 700 |
_917416 _aKhan, Ali Akbar |
||
| 700 |
_917456 _aPandit Bhusan |
||
| 942 |
_2ddc _cGR |
||
| 999 |
_c44129 _d44129 |
||